漢検10級に出題される漢字 - Statistics

General Stats
  • This quiz has been taken 71 times
  • The average score is 53 of 80
Answer Stats
Answer % Correct
98%
98%
96%
91%
91%
89%
89%
89%
89%
85%
85%
83%
81%
81%
81%
81%
79%
79%
79%
79%
79%
79%
79%
77%
77%
75%
75%
75%
74%
74%
74%
74%
72%
72%
72%
72%
72%
70%
70%
68%
66%
66%
66%
64%
62%
62%
62%
60%
58%
58%
57%
57%
57%
57%
57%
55%
55%
55%
53%
53%
51%
51%
51%
49%
49%
47%
45%
45%
43%
43%
43%
43%
43%
43%
42%
42%
42%
40%
32%
32%
No matching quizzes found
Score Distribution
Percent of People with Each Score
Percentile by Number Answered
Your Score History
You have not taken this quiz